Normal view
MARC view
- Electronics and Microelectronics, Instrumentation | Processor Architectures
Entry Geographic Name
001 - CONTROL NUMBER
- control field: 125562
003 - CONTROL NUMBER IDENTIFIER
- control field: NUST
005 - DATE AND TIME OF LATEST TRANSACTION
- control field: 20240831153255.0
008 - FIXED-LENGTH DATA ELEMENTS
- fixed length control field: 240831|| aca||aabn | a|a d
040 ## - CATALOGING SOURCE
- Original cataloging agency: NUST
- Transcribing agency: NUST
151 ## - HEADING--GEOGRAPHIC NAME
- Geographic name: Electronics and Microelectronics, Instrumentation | Processor Architectures
670 ## - SOURCE DATA FOUND
- Source citation: Work cat.: (NUST): Marwedel, Peter 61206, Embedded System Design :, 2021
